000 00267nam a2200109Ia 4500
008 190216s9999||||xx |||||||||||||| ||und||
100 _aNull
245 0 _a"Foreign Exchange Regulation Act, 1973"
260 _bCentral Law Agenccy
_c1986
300 _a102p
942 _cBK
999 _c11542
_d11542